000 00784nam a2200217Ia 4500
005 20250508162159.0
008 008 250505s9999 xx 000 0 eng d
020 _a92-803-1069-0
037 _aTextual
040 _aFEDL
_beng
_cFEDL
041 _aeng
_2eng
084 _a379.11, INT
_qFEDL
100 _aBennett Nicholas
_995594
245 0 _aProblems of financing the thai eduactional system during the 1960s and 1970s
245 0 _cUnesco: International Institute for Educational Planning (Paris France)
260 _aParis, France
_bUnited Nations Educational, Scientific and Cultural Organization
_c1975
300 _a235p
490 _aFinancing educational systems: Country case studies; 3
942 _cTEXL
_h379.11, INT
999 _c1374860
_d1374860